Danh mục công trình Khoa học 1956 - 1996
v...v
Đã lưu trong:
| Tác giả chính: | |
|---|---|
| Định dạng: | Sách |
| Ngôn ngữ: | English |
| Năm xuất bản: |
H.
Đại học Quốc gia Hà Nội
1996
|
| Chủ đề: | |
| Tags: |
Thêm thẻ
Không có thẻ, Hãy là người đầu tiên gắn thẻ bản ghi này!
|
| LEADER | 01193cam a2200313 a 4500 | ||
|---|---|---|---|
| 001 | 191337 | ||
| 005 | 20161013163127.0 | ||
| 008 | 990513s1997 vm f000 0 eng | ||
| 040 | |a DLC |c DLC | ||
| 041 | |a engvie | ||
| 042 | |a lcode | ||
| 043 | |a a-vt--- | ||
| 050 | 0 | 0 | |a DS556.4 |b .T72 1997 |
| 082 | |a 907.2 |b D107m | ||
| 100 | 1 | |a Khuyết danh | |
| 245 | 1 | 0 | |a Danh mục công trình Khoa học 1956 - 1996 |c Khuyết danh |
| 260 | |a H. |b Đại học Quốc gia Hà Nội |c 1996 | ||
| 300 | |a 207 tr. |c 21 cm | ||
| 520 | |a v...v | ||
| 653 | |a Lịch sử | ||
| 653 | |a Nghiên cứu | ||
| 653 | |a Công trình khoa học | ||
| 653 | |a Danh mục | ||
| 906 | |a 7 |b cbc |c origode |d 3 |e ncip |f 19 |g y-gencatlg | ||
| 942 | |2 ddc |c STK0 | ||
| 955 | |a wj07; af73/yk06 09-07-99; yk05 to BCCD 10-23-99 | ||
| 999 | |c 2453 |d 2453 | ||
| 952 | |0 0 |1 0 |2 ddc |4 0 |6 907_200000000000000_D107M |7 1 |8 900 |9 31585 |a qbu |b qbu |c D5 |d 2014-12-13 |g 40000 |l 1 |o 907.2 D107m |p 4298.C1 |r 2019-05-06 |s 2019-04-23 |w 2014-12-13 |y STK0 |0 0 |6 907_200000000000000_D107M | ||
| 952 | |0 0 |1 0 |2 ddc |4 0 |6 907_200000000000000_D107M |7 0 |8 900 |9 31586 |a qbu |b qbu |c D5 |d 2014-12-13 |g 40000 |o 907.2 D107m |p 4298.C2 |r 0000-00-00 |w 2014-12-13 |y STK0 |0 0 |6 907_200000000000000_D107M | ||